El cambio generacional en empresas familiares

Detalles Bibliográficos
Autor principal: Serrano Caąs, Jos ̌Manuel
Formato: eBook
Lenguaje:español
Publicado: Madrid: Marcial Pons, 2013
Materias:
Acceso en línea:Acceso restringido

MARC

LEADER 00000nam a22000007a 4500
005 20220307195022.0
007 cr|||| ||||
008 220307s2013 es |||||s|||| 00||0 spa d
020 |a 978-84-1381-204-5 
035 |a 33626 
040 |a vLex 
090 |c 13055  |d 13055 
100 1 |a Serrano Caąs, Jos ̌Manuel 
245 1 2 |a El cambio generacional en empresas familiares  |h [Recurso electrn̤ico] /  |c Jos ̌Manuel Serrano Caąs 
256 |a Servicio en ln̕ea 
260 |a Madrid:  |b Marcial Pons,  |c 2013 
300 |a 1 recurso electrn̤ico 
500 |a El paso del testigo de una generacin̤ a otra requiere, para su culminacin̤ exitosa, que el empresario fundador lo afronte y planifique con tiempo y rigor. La existencia de una pluralidad de descendientes y, por ende, de una multiplicidad y diversidad de intereses en juego, comporta el nacimiento de frecuentes conflictos que pueden poner en serio peligro la unidad de la empresa y, con ella, su eficacia y su productividad. Los procesos sucesorios mal gestionados suponen un serio peligro para la supervivencia de las empresas familiares. Es aqu ̕donde emerge la necesidad de la utilizacin̤ de herramientas jurd̕icas adecuadas. Entre ellas destacan sobremanera los protocolos familiares sucesorios. En nuestro Derecho comn︢, la vigente prohibicin̤ de los pactos sucesorios (as ̕como la disciplina imperativa de la sucesin̤ mortis causa) representa un serio obstc̀ulo a la eficacia jurd̕ica de las clùsulas sucesorias insertas en protocolos familiares. Por esta razn̤, es necesario examinar los ordenamientos jurd̕icos de nuestro entorno, incluyendo nuestros derechos forales, en busca de otras soluciones posibles en ellos formuladas. En esta labor de bs︢queda sobresale la reforma del Derecho sucesorio italiano de 2006, que ha introducido los denominados patti di familia. La experiencia de esta institucin̤ italiana, as ̕como de las instituciones jurd̕icas creadas por los derechos forales, demuestra que no existen ya verdaderas razones de peso para que el legislador espaǫl se niegue a la admisin̤ de los pactos sucesorios. No obstante, la facultad particional contenida en el art. 1.056.2 CC constituye un espaldarazo a la utilizacin̤ de los protocolos familiares como cauce para gestionar los procesos de cambio generacional en empresas familiares. 
506 1 |a Disponible solo en los productos indicados  |d vLex Global  |d vLex Global (Academic Edition, excluding Law Schools)  |d vLex Global (U.S. Academic Edition, Law Schools)  |d vLex Global (U.S. Academic Edition, excluding Law Schools)  |d vLex Global (Academic Edition, Law Schools) 
650 0 4 |a Derecho Mercantil y de la Empresa  |z Espaą 
650 0 4 |a Sociedades  |z Espaą 
740 0 |a vLex Libros (Servicio en ln̕ea) 
856 4 0 |u https://app.vlex.com/#/sources/33626  |z Acceso restringido 
942 |c BOOK 
999 0 |a Commercial and Company Law 
999 0 |a Companies